| 000 | 00812nam a22002897a 4500 | ||
|---|---|---|---|
| 001 | 81961 | ||
| 003 | DO-SdBNP | ||
| 005 | 20180130144343.0 | ||
| 007 | 81961 | ||
| 008 | 900918s1988 sp spa | ||
| 016 | 7 | _2BPMSU | |
| 020 | _a8434586576 | ||
| 040 |
_aBPMSU _bspa _cBPMSU |
||
| 041 | 1 | _aspa | |
| 080 | 0 | _a087.5:82 | |
| 100 | 1 | _aCleaver, Vera | |
| 245 | 1 | 3 |
_aLa mimosa / _cVera y Bill Cleaver ; traducción de Marta Sansigre |
| 260 | 1 |
_aBarcelona : _bSalvat, _c1988 |
|
| 300 |
_a129 p. : _c22 cm. |
||
| 490 | 1 |
_aBiblioteca juvenil _v77 |
|
| 700 | 1 |
_aSansigre, Marta _4traductor |
|
| 700 | 1 |
_aCleaver, Bill _4ilsustración |
|
| 830 | 0 |
_aBiblioteca juvenil (Salvat Editores) _v77 |
|
| 942 |
_2ddc _cBK |
||
| 945 | _aInventariado, 2018 / BT | ||
| 956 |
_aVMATEO _210 _320151119 _6BPMSU _800151 |
||
| 999 |
_c8828 _d8828 |
||